000 00755nam a2200241 a 4500
001 14077
003 BD-JhCC
005 20240919105026.0
008 240919b2002 nyua|||| ||a| 001 0 eng d
020 _a0609610570
035 _a(BD-JhCC)14077
040 _aBD-JhCC
_dBD-JhCC
041 _aenglish
082 _a658.3
_bBOS 2002
100 _a Bossidy, Larry
245 _aExecution :
_bthe discipline of getting things done /
_cLarry Bossidy, Ram Charan.
260 _aNew York:
_bCrown Business,
_c2002.
300 _a278 p. :
_bill;
_c24 cm.
650 _aBUSINESS & ECONOMICS Industrial Management
_vBUSINESS & ECONOMICS Management
_xBUSINESS & ECONOMICS Management Science
_zBusiness
700 _aCharan,Ram
942 _2ddc
_cBK
999 _c14077
_d14077